| 000 | 00998nam a2200253 a 4500 | ||
|---|---|---|---|
| 001 | 000018809 | ||
| 005 | 20240530073934.0 | ||
| 008 | 100519s2010 dr 000 e spa d | ||
| 020 | _a9789993425908 | ||
| 040 |
_aDO-SdBNP _bspa _cBNPHU |
||
| 082 |
_aRD864.5 _bC117t |
||
| 100 | 1 |
_aCabrera, Carlos Enrique _931100 |
|
| 245 | 1 | 0 |
_aTiempos difíciles : _bensayos sociales, culturales y filosóficos / _cCarlos Enrique Cabrera ; prólogo Fernando Valerio-Holguín. |
| 260 |
_aSanto Domingo : _bINTEC, _c2010. |
||
| 300 |
_a205 p. ; _c22 cm. |
||
| 500 | _aIncluye datos biográficos del autor en la solapa de la cubierta | ||
| 590 | _aInventariado, 2020/LP | ||
| 650 | 0 |
_aEnsayos dominicanos _965 |
|
| 650 | 0 |
_aLiteratura dominicana. _967 |
|
| 651 | 4 |
_aRepublica Dominicana _xCondiciones Sociales _vENSAYOS, CONFERENCIAS, ETC. _940560 |
|
| 700 | 1 |
_aValerio-Holguín, Fernando, _epról. _919580 |
|
| 710 | 2 |
_aInstituto Tecnológico de Santo Domingo _978911 |
|
| 910 | _aValidado. Control de calidad EMS | ||
| 999 |
_c18329 _d18329 |
||